HANDWRITING COMPARISON OF ACCUSTOMED AND UNACCUSTOMED HAND OF INDIVIDUALS AND THEIR IDENTIFIABLE PARAMETERS (Record no. 33249)

MARC details
000 -LEADER
fixed length control field 00384nam a22001337a 4500
003 - CONTROL NUMBER IDENTIFIER
control field SGT
082 ## - DEWEY DECIMAL CLASSIFICATION NUMBER
Classification number 363.25
Item number PAR
100 ## - MAIN ENTRY--PERSONAL NAME
Personal name PARMAR JITENDER SINGH
245 ## - TITLE STATEMENT
Title HANDWRITING COMPARISON OF ACCUSTOMED AND UNACCUSTOMED HAND OF INDIVIDUALS AND THEIR IDENTIFIABLE PARAMETERS
260 ## - PUBLICATION, DISTRIBUTION, ETC. (IMPRINT)
Place of publication, distribution, etc SGT UNIVERSITY
Name of publisher, distributor, etc FABS
Year of Publication 2024
300 ## - PAGE DESCRIPTION
No. of Pages 95
650 ## - SUBJECT ADDED ENTRY--TOPICAL TERM
Topical term or geographic name as entry element FORENSIC SCIENCE
942 ## - ADDED ENTRY ELEMENTS (KOHA)
Source of classification or shelving scheme Dewey Decimal Classification
Koha item type Thesis/Dissertation
Holdings
Withdrawn status Lost status Source of classification or shelving scheme Damaged status Not for loan Collection code Home library Current library Date acquired Total Checkouts Full call number Accession No. (Barcode) Date last seen Bill Date Koha item type
    Dewey Decimal Classification   Not For Loan SCIENCE SGT Science & Social Sciences Library SGT Science & Social Sciences Library 01/01/2026   363.25 PAR DT2500 01/01/2026 01/01/2026 Thesis/Dissertation